[Event "Podturen Mavrin Memorial 6th"]
[Site "Podturen"]
[Date "2018.01.05"]
[Round "3"]
[White "Novak, Ivan"]
[Black "Srsan, Matija"]
[Result "1-0"]
[WhiteElo "2234"]
[BlackElo "1947"]
[PlyCount "125"]
[EventDate "2018.01.04"]
[EventType "swiss"]
[EventRounds "7"]
[EventCountry "CRO"]
[SourceTitle "CBM 182 Extra"]
[Source "ChessBase"]
[SourceDate "2018.02.23"]
[SourceVersion "1"]
[SourceVersionDate "2018.02.23"]
[SourceQuality "1"]

1. e4 e5 2. Nf3 Nc6 3. Bb5 a6 4. Ba4 Nf6 5. 0-0 b5 6. Bb3 Be7 7. Re1 0-0 8. c3 d6 9. h3 Na5 10. Bc2 c5 11. d4 Nc6 12. Be3 Re8 13. d5 Nb8 14. a4 Bb7 15. Nbd2 Nbd7 16. Nf1 Qc7 17. Ng3 g6 18. Nh2 Bf8 19. Qd2 Nb6 20. Bh6 Nc4 21. Qg5 Be7 22. Qc1 bxa4 23. Bxa4 Reb8 24. Bc2 Bc8 25. b3 Na5 26. Ra3 Nb7 27. c4 Nd8 28. f4 Ne8 29. Rf1 f6 30. f5 Nf7 31. Bd2 Ng7 32. h4 Bd7 33. Ng4 gxf5 34. exf5 Rf8 35. Ne4 Ne8 36. Bh6 Nxh6 37. Qxh6 Rf7 38. Rf3 Qc8 39. Rg3 Kh8 40. Qh5 Rf8 41. Nh6 Ng7 42. Nf7+ Rxf7 43. Qxf7 Qf8 44. Nxd6 Qxf7 45. Nxf7+ Kg8 46. Nh6+ Kf8 47. Be4 Bd6 48. Ra1 Bc8 49. Kf2 Rb8 50. Ke2 Rb6 51. Kd2 Bd7 52. Kc3 Be8 53. Rg1 Rb4 54. Re3 Nh5 55. g4 Nf4 56. g5 Kg7 57. Ng4 fxg5 58. hxg5 a5 59. Nf6 Bf7 60. Rh1 h5 61. gxh6+ Kxf6 62. h7 Rb8 63. h8Q+ 1-0

[Event "SVK-chT1W 1314"]
[Site "Slovakia"]
[Date "2013.10.13"]
[Round "2.3"]
[White "Novak, Ivan"]
[Black "Jakubek, Peter"]
[Result "1-0"]
[WhiteElo "2188"]
[BlackElo "2140"]
[PlyCount "119"]
[EventDate "2013.10.12"]
[EventType "team-tourn"]
[EventRounds "11"]
[EventCountry "SVK"]
[SourceTitle "EXT 2015"]
[Source "ChessBase"]
[SourceDate "2014.11.20"]
[SourceVersion "1"]
[SourceVersionDate "2014.11.20"]
[SourceQuality "1"]
[WhiteTeam "Bratislava Doprastav II"]
[BlackTeam "Povazska Bystrica"]
[WhiteTeamCountry "SVK"]
[BlackTeamCountry "SVK"]

1. e4 c6 2. Nf3 d5 3. Nc3 Bg4 4. Be2 Nf6 5. Ne5 Bxe2 6. Qxe2 dxe4 7. Nxe4 Nxe4 8. Qxe4 Qd5 9. d3 Qxe4+ 10. dxe4 f6 11. Nd3 e5 12. f4 Nd7 13. fxe5 Nxe5 14. Nxe5 fxe5 15. Be3 Bb4+ 16. Ke2 Ba5 17. Rhf1 0-0-0 18. Rf7 Rd7 19. Rxd7 Kxd7 20. Bxa7 b6 21. b4 Bxb4 22. Bxb6 c5 23. a4 Kc6 24. a5 Re8 25. Kd3 Kb5 26. Rb1 c4+ 27. Ke2 c3 28. a6 Kxb6 29. Rxb4+ Kxa6 30. Rc4 Kb5 31. Rxc3 Re7 32. Rc8 Kb4 33. Ke3 Kb5 34. g3 Kb6 35. Kf3 Rf7+ 36. Kg4 Rf2 37. h4 Rf7 38. Re8 Kc5 39. Rxe5+ Kd4 40. Re8 Rc7 41. e5 Kd5 42. h5 Rxc2 43. Re7 h6 44. Rxg7 Kxe5 45. Rg6 Rc4+ 46. Kh3 Rc1 47. Rxh6 Kf5 48. g4+ Kf4 49. Rf6+ Kg5 50. Rf5+ Kh6 51. Ra5 Rh1+ 52. Kg3 Rg1+ 53. Kf3 Rf1+ 54. Kg2 Rb1 55. Ra6+ Kg5 56. Rg6+ Kf4 57. h6 Rb2+ 58. Kf1 Kf3 59. Ke1 Rh2 60. g5 1-0

[Event "Bratislava Doprastav op"]
[Site "Bratislava"]
[Date "2013.07.02"]
[Round "6"]
[White "Novak, Ivan"]
[Black "Ondercin, Martin"]
[Result "1-0"]
[WhiteElo "2197"]
[BlackElo "1825"]
[PlyCount "67"]
[EventDate "2013.06.28"]
[EventType "swiss"]
[EventRounds "9"]
[EventCountry "SVK"]
[SourceTitle "EXT 2015"]
[Source "ChessBase"]
[SourceDate "2014.11.20"]
[SourceVersion "1"]
[SourceVersionDate "2014.11.20"]
[SourceQuality "1"]

1. e4 d6 2. d4 Nf6 3. Bd3 e5 4. c3 Nbd7 5. Nf3 Be7 6. Nbd2 0-0 7. 0-0 c6 8. a4 a5 9. Re1 Qc7 10. Qb3 Nb6 11. Nc4 Nfd7 12. dxe5 Nxc4 13. Bxc4 Nxe5 14. Nxe5 dxe5 15. Be3 c5 16. Bd5 Ra6 17. Qc4 Be6 18. Rad1 Rd8 19. g3 h6 20. Re2 Bxd5 21. exd5 Rg6 22. b4 axb4 23. cxb4 b6 24. a5 b5 25. Qc3 Qb7 26. Bxc5 Rc8 27. Qe3 Qc7 28. Bxe7 Qxe7 29. Qxe5 Qxb4 30. d6 Rd8 31. d7 Re6 32. Qc7 Rxd7 33. Qxd7 Rxe2 34. Qc8+ 1-0

[Event "SVK-chT1W 1213"]
[Site "Slovakia"]
[Date "2012.10.21"]
[Round "2.4"]
[White "Maslikova, Veronika"]
[Black "Novak, Ivan"]
[Result "1-0"]
[WhiteElo "2211"]
[BlackElo "2193"]
[PlyCount "89"]
[EventDate "2012.10.20"]
[EventType "team-tourn"]
[EventRounds "11"]
[EventCountry "SVK"]
[SourceTitle "EXT 2014"]
[Source "ChessBase"]
[SourceDate "2013.11.20"]
[SourceVersion "1"]
[SourceVersionDate "2013.11.20"]
[SourceQuality "1"]
[WhiteTeam "Budmerice"]
[BlackTeam "Bratislava Doprastav II"]
[WhiteTeamCountry "SVK"]
[BlackTeamCountry "SVK"]

1. e4 a6 2. Nf3 b5 3. d4 Bb7 4. Bd3 Nf6 5. Qe2 e6 6. 0-0 c5 7. c3 d5 8. e5 Nfd7 9. Be3 c4 10. Bc2 a5 11. Nbd2 Nb6 12. Ng5 g6 13. Qf3 Qe7 14. Qh3 h6 15. Ngf3 Bg7 16. Nh4 g5 17. Nhf3 Nc6 18. Qg4 0-0-0 19. h4 h5 20. Qxg5 f6 21. exf6 Bxf6 22. Qg3 Rdg8 23. Bg5 Nd8 24. Rae1 Nd7 25. Qh3 Kb8 26. Bf4+ Ka8 27. Ng5 Nf8 28. Ndf3 Ng6 29. Bxg6 Rxg6 30. Re3 Bc8 31. Ne5 Bxe5 32. Bxe5 Rf8 33. Rf3 Kb7 34. Rxf8 Qxf8 35. Re1 Nf7 36. Qf3 Rxg5 37. hxg5 Qg8 38. Bf6 Qg6 39. Qg3 Qc2 40. g6 Nh6 41. Bd8 Ka7 42. Qc7+ Bb7 43. Qxa5+ Kb8 44. Bc7+ Kc8 45. Bf4 1-0

[Event "SVK-chT2A 1112"]
[Site "Slovakia"]
[Date "2012.02.26"]
[Round "11.3"]
[White "Kebis, Milos"]
[Black "Novak, Ivan"]
[Result "0-1"]
[WhiteElo "2008"]
[BlackElo "2187"]
[PlyCount "140"]
[EventDate "2011.10.08"]
[EventType "team-tourn"]
[EventRounds "11"]
[EventCountry "SVK"]
[SourceTitle "EXT 2013"]
[Source "ChessBase"]
[SourceDate "2012.11.22"]
[SourceVersion "1"]
[SourceVersionDate "2012.11.22"]
[SourceQuality "1"]
[WhiteTeam "Krasnany"]
[BlackTeam "Bratislava Doprastav II"]
[WhiteTeamCountry "SVK"]
[BlackTeamCountry "SVK"]

1. Nf3 Nc6 2. e4 d6 3. d4 Nf6 4. Nc3 Bg4 5. Be2 e6 6. 0-0 d5 7. exd5 exd5 8. Ne5 Bxe2 9. Nxe2 Bd6 10. Ng3 0-0 11. f4 Ne4 12. Nf5 Ne7 13. Nxd6 Qxd6 14. f5 f6 15. Nd3 c5 16. dxc5 Nxc5 17. Bf4 Qc6 18. Qg4 Ne4 19. Rf3 Rf7 20. h4 Qd7 21. Be3 Nc6 22. c3 Re8 23. Bd4 b6 24. Nf4 Nd6 25. Nh5 Nxd4 26. cxd4 Re4 27. Qh3 Rxd4 28. Raf1 Ne4 29. Rf4 Qb5 30. Qe3 Rd3 31. Qe2 Qc5+ 32. Kh2 Qe3 33. Qg4 Nd2 34. R1f2 Qe5 35. Re2 Ne4 36. Rc2 Nd6 37. Ng3 Re7 38. h5 Nf7 39. Rc8+ Re8 40. Rc6 Nh6 41. Qh4 Rd2 42. Re6 Rxe6 43. fxe6 Qxe6 44. Ra4 Rxb2 45. Qf4 Qe5 46. Qc1 a5 47. Qc8+ Kf7 48. Qd7+ Kf8 49. Qd8+ Kf7 50. Qd7+ Kf8 51. Qd8+ Qe8 52. Qd6+ Qe7 53. Qxd5 Rb4 54. Ra3 Rh4+ 55. Kg1 Qc5+ 56. Qxc5+ bxc5 57. Rxa5 Rc4 58. Ra8+ Ke7 59. Ra7+ Kf8 60. Ra8+ Ke7 61. Ra7+ Kf8 62. Ra8+ Kf7 63. Ra7+ Ke6 64. Rxg7 f5 65. Rxh7 Ng4 66. Ne2 Rc2 67. Nf4+ Ke5 68. g3 Rc1+ 69. Kg2 Rc2+ 70. Kf3 Rf2# 0-1

[Event "SVK-chT2A 1112"]
[Site "Slovakia"]
[Date "2011.11.06"]
[Round "4.3"]
[White "Novak, Ivan"]
[Black "Federic, Pavol"]
[Result "1-0"]
[WhiteElo "2187"]
[BlackElo "2219"]
[PlyCount "93"]
[EventDate "2011.10.08"]
[EventType "team-tourn"]
[EventRounds "11"]
[EventCountry "SVK"]
[SourceTitle "EXT 2013"]
[Source "ChessBase"]
[SourceDate "2012.11.22"]
[SourceVersion "1"]
[SourceVersionDate "2012.11.22"]
[SourceQuality "1"]
[WhiteTeam "Bratislava Doprastav II"]
[BlackTeam "Modra II"]
[WhiteTeamCountry "SVK"]
[BlackTeamCountry "SVK"]

1. e4 e5 2. Nf3 Nc6 3. Be2 Nf6 4. d3 d5 5. exd5 Nxd5 6. 0-0 Be7 7. Re1 0-0 8. Bf1 Bf6 9. Nbd2 g6 10. g3 Bg7 11. c3 Bg4 12. h3 Bf5 13. Ne4 Qe7 14. Qb3 Rad8 15. d4 b6 16. dxe5 Nxe5 17. Nxe5 Qxe5 18. Bg2 h6 19. Bd2 c6 20. c4 Bxe4 21. Rxe4 Qxb2 22. Qxb2 Bxb2 23. Rb1 Nc3 24. Rxb2 Nxe4 25. Bxe4 Rd4 26. Bxc6 Rxc4 27. Bb5 Rc5 28. Bxh6 Rd8 29. Be3 Rc3 30. Kg2 Rd5 31. h4 Rc8 32. Ba4 Rd6 33. Rb4 Rd5 34. Bb3 Rd6 35. Rf4 Rc7 36. Re4 Rd8 37. Bg5 Rdc8 38. Bf6 b5 39. Re5 a6 40. h5 Rc6 41. Bh4 Kg7 42. hxg6 f6 43. Re7+ Kxg6 44. Bf7+ Kf5 45. Bd5 R8c7 46. Be4+ Kg4 47. Bg6 1-0

[Event "SVK-chT2A 1112"]
[Site "Slovakia"]
[Date "2011.11.05"]
[Round "3.3"]
[White "Maslikova, Veronika"]
[Black "Novak, Ivan"]
[Result "1-0"]
[WhiteElo "2209"]
[BlackElo "2187"]
[PlyCount "109"]
[EventDate "2011.10.08"]
[EventType "team-tourn"]
[EventRounds "11"]
[EventCountry "SVK"]
[SourceTitle "EXT 2013"]
[Source "ChessBase"]
[SourceDate "2012.11.22"]
[SourceVersion "1"]
[SourceVersionDate "2012.11.22"]
[SourceQuality "1"]
[WhiteTeam "Devinska Nova Ves"]
[BlackTeam "Bratislava Doprastav II"]
[WhiteTeamCountry "SVK"]
[BlackTeamCountry "SVK"]

1. e4 Nc6 2. Nc3 Nf6 3. g3 d5 4. exd5 Nb4 5. Bg2 Bg4 6. Nf3 Nbxd5 7. h3 Nxc3 8. bxc3 Bh5 9. g4 Bg6 10. d3 e6 11. 0-0 Bd6 12. c4 c6 13. Qe2 0-0 14. a4 Re8 15. Ne5 Nd7 16. Bb2 Nxe5 17. Bxe5 a5 18. Rab1 Re7 19. Rb3 Bc5 20. Rfb1 Ra7 21. Bxc6 Qc8 22. Bg2 f6 23. Bc3 Be8 24. Ra1 Bc6 25. Bxc6 Qxc6 26. Rb5 b6 27. Re1 Qd6 28. Qf3 Rad7 29. Rbb1 Rd8 30. Kg2 Qd7 31. Rb5 Qc7 32. Rb3 e5 33. Rb5 Kf7 34. Re2 Qd6 35. Rb1 Kg8 36. Qe4 Qc7 37. Qf3 Qd7 38. Ra1 Qc7 39. Bb2 Qd7 40. Qe4 Qc7 41. Ba3 Rd4 42. Qa8+ Kf7 43. Bxc5 Qxc5 44. Rae1 Red7 45. Rb1 R4d6 46. Qf3 Kg8 47. Rb3 h6 48. Re1 Re7 49. Qa8+ Kf7 50. Rb5 Qa3 51. c5 bxc5 52. Qxa5 c4 53. dxc4 Qa2 54. Qb4 Rd2 55. Qxd2 1-0

[Event "SVK-ch Seniors-A"]
[Site "Tatranske Matliare"]
[Date "2011.05.??"]
[Round "1"]
[White "Klanica, Anton"]
[Black "Novak, Ivan"]
[Result "0-1"]
[WhiteElo "1851"]
[BlackElo "2230"]
[PlyCount "136"]
[EventDate "2011.05.27"]
[EventType "swiss"]
[EventRounds "9"]
[EventCountry "SVK"]
[SourceTitle "EXT 2023"]
[Source "ChessBase"]
[SourceDate "2022.10.05"]
[SourceVersion "1"]
[SourceVersionDate "2022.10.05"]
[SourceQuality "1"]

1. e4 Nc6 2. Nf3 d6 3. d4 Nf6 4. Nc3 Bg4 5. Bb5 Nd7 6. Bxc6 bxc6 7. h3 Bh5 8. Qd3 Qb8 9. 0-0 e6 10. Ne2 Be7 11. Nf4 Bg6 12. Nxg6 hxg6 13. Qb3 Qb6 14. Qd3 d5 15. b3 Nf6 16. e5 Nd7 17. c3 a5 18. Bd2 c5 19. Be3 0-0 20. Rab1 Qa6 21. Qxa6 Rxa6 22. Nd2 Rc6 23. Rfc1 Ra8 24. f4 f6 25. g3 Kf7 26. Kg2 a4 27. Kf3 axb3 28. axb3 Ra2 29. Ra1 Rca6 30. Rxa2 Rxa2 31. Ke2 g5 32. Rf1 gxf4 33. gxf4 f5 34. Rc1 Ra8 35. Kf3 Rh8 36. Kg2 Ra8 37. Kf3 Ra2 38. Ke2 Ke8 39. Rg1 Kf7 40. Rc1 g6 41. Kd3 c6 42. Ke2 Ra6 43. Kd3 Ra8 44. Ke2 Kg7 45. Kf3 Ra2 46. Ke2 Kh6 47. Kd3 Ra3 48. Ke2 Kh5 49. Kd3 g5 50. fxg5 cxd4 51. cxd4 c5 52. Ke2 cxd4 53. Bf4 Bxg5 54. Bxg5 Kxg5 55. Nf3+ Kf4 56. Nxd4 Kxe5 57. Kd3 Kf6 58. Kc3 e5 59. Kb4 Ra6 60. Ne2 f4 61. Rc7 Ke6 62. Kc3 Ra2 63. Nc1 Rg2 64. Rc6+ Kf5 65. b4 f3 66. Kd3 e4+ 67. Ke3 d4+ 68. Kxd4 f2 0-1

[Event "SVK-ch Seniors-A"]
[Site "Tatranske Matliare"]
[Date "2011.05.??"]
[Round "8"]
[White "Novak, Ivan"]
[Black "Kebis, Milos"]
[Result "1-0"]
[WhiteElo "2230"]
[BlackElo "2010"]
[PlyCount "55"]
[EventDate "2011.05.27"]
[EventType "swiss"]
[EventRounds "9"]
[EventCountry "SVK"]
[SourceTitle "EXT 2023"]
[Source "ChessBase"]
[SourceDate "2022.10.05"]
[SourceVersion "1"]
[SourceVersionDate "2022.10.05"]
[SourceQuality "1"]

1. e4 c5 2. c3 d6 3. d4 cxd4 4. cxd4 g6 5. Nc3 Bg7 6. h3 Nf6 7. Nf3 0-0 8. Bd3 Nc6 9. Be3 Bd7 10. 0-0 a6 11. Qd2 b5 12. e5 Ne8 13. Bh6 Rc8 14. Bxg7 Kxg7 15. Rfe1 Na5 16. b3 dxe5 17. Rxe5 Nc6 18. Re4 Nf6 19. Rh4 h5 20. d5 Nb4 21. Rxb4 Qa5 22. a3 Rc7 23. d6 exd6 24. Ne4 Bc6 25. Nxf6 Bxf3 26. Qb2 Kh6 27. gxf3 Rfc8 28. Qd2+ 1-0

[Event "SVK-chT2A 10/11"]
[Site "Slovakia"]
[Date "2011.01.08"]
[Round "5.4"]
[White "Novak, Ivan"]
[Black "Krajnak, Robert"]
[Result "1-0"]
[WhiteElo "2233"]
[BlackElo "2083"]
[PlyCount "65"]
[EventDate "2010.10.23"]
[EventType "team-tourn"]
[EventRounds "11"]
[EventCountry "SVK"]
[SourceTitle "EXT 2019"]
[Source "ChessBase"]
[SourceDate "2018.10.10"]
[SourceVersion "1"]
[SourceVersionDate "2018.10.10"]
[SourceQuality "1"]
[WhiteTeam "Bratislava Doprastav II"]
[BlackTeam "Bratislava Doprastav III"]
[WhiteTeamCountry "SVK"]
[BlackTeamCountry "SVK"]

1. e4 c5 2. c3 d6 3. d4 Nd7 4. Nf3 g6 5. Bd3 Bg7 6. h3 Qc7 7. 0-0 Ngf6 8. Re1 e5 9. dxe5 dxe5 10. a4 0-0 11. Na3 b6 12. Nb5 Qb8 13. Bc4 Ne8 14. Bg5 a6 15. Na3 Bf6 16. Bd5 Ra7 17. Nc4 Kg7 18. Bd2 Nd6 19. Qc1 Re8 20. Bh6+ Kg8 21. Ne3 Nf8 22. Ng4 Bxg4 23. hxg4 Ne6 24. g3 c4 25. Qe3 Qc7 26. Kg2 Qc5 27. Bxe6 Rxe6 28. a5 Nb7 29. Red1 b5 30. Rd7 Be7 31. Rad1 Bf8 32. Qxc5 Nxc5 33. Rd8 1-0

[Event "Bratislava Doprastav op"]
[Site "Bratislava"]
[Date "2010.07.08"]
[Round "9"]
[White "Sosovicka, Matej"]
[Black "Novak, Ivan"]
[Result "0-1"]
[WhiteElo "1875"]
[BlackElo "2211"]
[PlyCount "70"]
[EventDate "2010.07.02"]
[EventType "swiss"]
[EventRounds "9"]
[EventCountry "SVK"]
[SourceTitle "EXT 2012"]
[Source "ChessBase"]
[SourceDate "2011.11.24"]
[SourceVersion "1"]
[SourceVersionDate "2011.11.24"]
[SourceQuality "1"]

1. e4 Nc6 2. Nf3 d6 3. d4 Nf6 4. Nc3 g6 5. h3 a6 6. a4 Bg7 7. Be3 0-0 8. Qd2 Re8 9. Be2 b6 10. 0-0 Bb7 11. Rad1 e6 12. Bg5 Ne7 13. e5 Nd7 14. Qf4 Qb8 15. Ne4 Bxe4 16. Qxe4 d5 17. Qe3 c5 18. c3 c4 19. Nh2 h6 20. Bf4 b5 21. Ng4 Nf5 22. Qc1 Kh7 23. Nf6+ Bxf6 24. exf6 Nd6 25. Be5 b4 26. Qf4 Nxe5 27. dxe5 Ne4 28. f3 Nc5 29. g3 Nd7 30. cxb4 Qxe5 31. Qxe5 Nxe5 32. f4 Nd7 33. Bf3 Nxf6 34. Rfe1 Reb8 35. g4 Rxb4 0-1

[Event "Bratislava Doprastav op"]
[Site "Bratislava"]
[Date "2010.07.03"]
[Round "2"]
[White "Pozsar, Peter"]
[Black "Novak, Ivan"]
[Result "0-1"]
[WhiteElo "1862"]
[BlackElo "2211"]
[PlyCount "58"]
[EventDate "2010.07.02"]
[EventType "swiss"]
[EventRounds "9"]
[EventCountry "SVK"]
[SourceTitle "EXT 2012"]
[Source "ChessBase"]
[SourceDate "2011.11.24"]
[SourceVersion "1"]
[SourceVersionDate "2011.11.24"]
[SourceQuality "1"]

1. d4 e6 2. c4 Bb4+ 3. Bd2 a5 4. Nc3 Nf6 5. Nf3 0-0 6. Qc2 d5 7. e3 Nbd7 8. Bd3 c5 9. a3 Bxc3 10. Bxc3 Qc7 11. dxc5 dxc4 12. Bxc4 Qxc5 13. Bd4 Qe7 14. 0-0 e5 15. Bc3 b6 16. Rad1 Bb7 17. Qb3 Rac8 18. Rc1 Ne4 19. Bxa5 Nec5 20. Bb4 Bxf3 21. Bxc5 Qg5 22. g3 Nxc5 23. Qxb6 Rc6 24. Qa7 Rh6 25. Bd5 Bxd5 26. f4 Qh5 27. Rc2 Ne4 28. Qd7 exf4 29. Rxf4 Qd1+ 0-1

[Event "EU-ch Seniors 09th"]
[Site "Rogaska Slatina"]
[Date "2009.07.30"]
[Round "9"]
[White "Novak, Ivan"]
[Black "Zhelesny, Stanislav"]
[Result "1-0"]
[WhiteElo "2242"]
[BlackElo "2180"]
[PlyCount "49"]
[EventDate "2009.07.22"]
[EventType "swiss"]
[EventRounds "9"]
[EventCountry "SLO"]
[SourceTitle "CBM 131 Extra"]
[Source "ChessBase"]
[SourceDate "2009.09.03"]
[SourceVersion "2"]
[SourceVersionDate "2009.09.16"]
[SourceQuality "1"]

1. e4 c6 2. Nf3 d5 3. Nc3 Bg4 4. Be2 e6 5. h3 Bxf3 6. Bxf3 d4 7. Nb1 Ne7 8. 0-0 Ng6 9. d3 Bd6 10. c3 e5 11. b4 dxc3 12. Qb3 Qb6 13. a3 a5 14. Be3 Qa6 15. bxa5 Qxa5 16. Qxb7 0-0 17. Nxc3 Qa6 18. Qb3 Nd7 19. Ne2 Rfb8 20. Qc4 Qc8 21. a4 Ndf8 22. d4 exd4 23. Nxd4 Bf4 24. Bg4 Qe8 25. Ne2 1-0

[Event "EU-ch Seniors 09th"]
[Site "Rogaska Slatina"]
[Date "2009.07.27"]
[Round "6"]
[White "Ziltener, Werner"]
[Black "Novak, Ivan"]
[Result "0-1"]
[WhiteElo "2120"]
[BlackElo "2242"]
[PlyCount "49"]
[EventDate "2009.07.22"]
[EventType "swiss"]
[EventRounds "9"]
[EventCountry "SLO"]
[SourceTitle "CBM 131 Extra"]
[Source "ChessBase"]
[SourceDate "2009.09.03"]
[SourceVersion "2"]
[SourceVersionDate "2009.09.16"]
[SourceQuality "1"]

1. d4 Nf6 2. Nf3 b5 3. g3 Bb7 4. Bg2 e6 5. 0-0 Be7 6. c3 d6 7. Qb3 Bc6 8. Ne1 Bxg2 9. Nxg2 c6 10. c4 bxc4 11. Qxc4 Qb6 12. Nc3 0-0 13. b3 Nbd7 14. Bb2 Rfc8 15. Na4 Qb7 16. Rac1 Nb6 17. Nxb6 axb6 18. a4 d5 19. Qd3 Rc7 20. Rc2 Ne4 21. Rfc1 Bf6 22. f3 Nd6 23. e4 g5 24. Ne3 h5 25. Ba3 0-1

[Event "EU-ch Seniors 09th"]
[Site "Rogaska Slatina"]
[Date "2009.07.24"]
[Round "3"]
[White "Novak, Ivan"]
[Black "Pushkov, Nikolai"]
[Result "0-1"]
[WhiteElo "2242"]
[BlackElo "2496"]
[PlyCount "86"]
[EventDate "2009.07.22"]
[EventType "swiss"]
[EventRounds "9"]
[EventCountry "SLO"]
[SourceTitle "CBM 131 Extra"]
[Source "ChessBase"]
[SourceDate "2009.09.03"]
[SourceVersion "2"]
[SourceVersionDate "2009.09.16"]
[SourceQuality "1"]

1. e4 e6 2. d4 d5 3. Bd3 c5 4. c3 Nc6 5. Nf3 Nf6 6. exd5 Nxd5 7. 0-0 cxd4 8. cxd4 Be7 9. Bc2 0-0 10. Qd3 g6 11. a3 Qc7 12. Nc3 Nxc3 13. bxc3 Rd8 14. Qe4 Qa5 15. c4 Qc3 16. Be3 Qxc4 17. Rfc1 Qd5 18. Qf4 Bd7 19. Be4 Qa5 20. Nd2 Be8 21. Rab1 Rac8 22. Nc4 Qa6 23. h4 b5 24. Ne5 Nxe5 25. dxe5 Qxa3 26. h5 Qa4 27. Qf3 b4 28. g4 b3 29. Rxc8 Rxc8 30. Kg2 Rc4 31. hxg6 fxg6 32. Bd3 Rxg4+ 33. Kf1 Bc6 34. Qd1 Bg2+ 35. Ke1 Bb4+ 36. Bd2 Bxd2+ 37. Kxd2 Qb4+ 38. Ke2 Rg5 39. f3 Bh3 40. Be4 Rg2+ 41. Ke3 Qc5+ 42. Kd3 Rc2 43. Qe1 Bf1+ 0-1

[Event "Bratislava Doprastav op"]
[Site "Bratislava"]
[Date "2009.07.10"]
[Round "8"]
[White "Novak, Ivan"]
[Black "Kleman, Miroslav"]
[Result "1/2-1/2"]
[WhiteElo "2242"]
[BlackElo "2233"]
[PlyCount "86"]
[EventDate "2009.07.04"]
[EventType "swiss"]
[EventRounds "9"]
[EventCountry "SVK"]
[SourceTitle "EXT 2015"]
[Source "ChessBase"]
[SourceDate "2014.11.20"]
[SourceVersion "1"]
[SourceVersionDate "2014.11.20"]
[SourceQuality "1"]

1. e4 e5 2. Nf3 Nf6 3. d4 d6 4. dxe5 Nxe4 5. Bc4 c6 6. exd6 Bxd6 7. 0-0 0-0 8. Nbd2 Nxd2 9. Qxd2 Bg4 10. Ng5 Bh5 11. Bd3 h6 12. Ne4 Bc7 13. Ng3 Qh4 14. Re1 Bg6 15. b3 Qf6 16. Ba3 Bd6 17. Bxd6 Qxd6 18. Rad1 Bxd3 19. Qxd3 Qxd3 20. Rxd3 Na6 21. Re7 Rfe8 22. Rde3 Rxe7 23. Rxe7 Rb8 24. Nf5 Kf8 25. Rd7 Nc5 26. Rd2 Ne6 27. Kf1 Rd8 28. Rxd8+ Nxd8 29. Ke2 h5 30. Ke3 g6 31. Nd6 a6 32. Nc4 Ke7 33. Ke4 Ke6 34. Kd4 b5 35. Nd2 Kd7 36. Ke5 Ke7 37. Ne4 f6+ 38. Kd4 Ne6+ 39. Kc3 f5 40. Nd2 Kd6 41. h4 Kd5 42. g3 Ke5 43. Nf3+ Kd5 1/2-1/2

[Event "Bratislava Doprastav op"]
[Site "Bratislava"]
[Date "2009.07.09"]
[Round "7"]
[White "Novak, Ivan"]
[Black "Kralovic, Andrej"]
[Result "0-1"]
[WhiteElo "2242"]
[BlackElo "2132"]
[PlyCount "136"]
[EventDate "2009.07.04"]
[EventType "swiss"]
[EventRounds "9"]
[EventCountry "SVK"]
[SourceTitle "EXT 2015"]
[Source "ChessBase"]
[SourceDate "2014.11.20"]
[SourceVersion "1"]
[SourceVersionDate "2014.11.20"]
[SourceQuality "1"]

1. e4 d5 2. exd5 Qxd5 3. Nc3 Qa5 4. Bc4 Nf6 5. h3 c6 6. Nf3 Bf5 7. 0-0 e6 8. d3 Nbd7 9. Re1 Be7 10. Bf4 0-0 11. a3 Qd8 12. Nh4 Bg6 13. Nxg6 hxg6 14. Qf3 Nb6 15. Bb3 Nfd5 16. Be5 Bf6 17. d4 Bxe5 18. Rxe5 Qf6 19. Qg3 Qf4 20. Qxf4 Nxf4 21. Ne2 Nfd5 22. Ng3 Rad8 23. Ree1 Nf6 24. c3 Rd6 25. f3 Rfd8 26. Ne4 Nxe4 27. Rxe4 Nd5 28. Kf2 Kf8 29. h4 Ke7 30. g3 Rh8 31. f4 Nf6 32. Re2 Rh5 33. Bd1 Rh8 34. Kf3 Rd5 35. Bb3 Rd6 36. Bc2 Rh5 37. Rh1 Rh8 38. g4 Kf8 39. Kg3 Rd5 40. Rhe1 Rd7 41. Re5 Rc7 42. a4 Nd7 43. R5e2 Nf6 44. Bb3 Rd7 45. a5 a6 46. Bc4 Rc7 47. Ba2 Rd7 48. Re5 Rd8 49. Rf1 Nd7 50. Re2 Nf6 51. Rfe1 Rd7 52. Bb1 Rd5 53. b4 Rd8 54. Be4 Kg8 55. Bf3 Kh7 56. f5 gxf5 57. gxf5 exf5 58. Re7 Rhe8 59. Rxe8 Rxe8 60. Rxe8 Nxe8 61. d5 cxd5 62. Bxd5 Nd6 63. c4 Kg6 64. c5 Nb5 65. Bxb7 Nc7 66. Bxa6 Nxa6 67. b5 Nxc5 68. Kf4 Kf6 0-1

[Event "Bratislava Doprastav op"]
[Site "Bratislava"]
[Date "2009.07.05"]
[Round "3"]
[White "Novak, Ivan"]
[Black "Sturc, Jan"]
[Result "1-0"]
[WhiteElo "2242"]
[BlackElo "1991"]
[PlyCount "80"]
[EventDate "2009.07.04"]
[EventType "swiss"]
[EventRounds "9"]
[EventCountry "SVK"]
[SourceTitle "EXT 2015"]
[Source "ChessBase"]
[SourceDate "2014.11.20"]
[SourceVersion "1"]
[SourceVersionDate "2014.11.20"]
[SourceQuality "1"]

1. e4 c5 2. c3 Nf6 3. e5 Nd5 4. Nf3 Nc6 5. Bc4 Nb6 6. Bb3 c4 7. Bc2 g6 8. 0-0 Bg7 9. Qe2 d6 10. exd6 Qxd6 11. a4 Bg4 12. h3 Bxf3 13. Qxf3 0-0 14. Na3 Qe6 15. a5 Nd7 16. a6 bxa6 17. Qd1 Nb6 18. b3 Rad8 19. Re1 Qc8 20. Qe2 Ne5 21. bxc4 Nexc4 22. Bd3 Nxa3 23. Rxa3 Qd7 24. Bxa6 e5 25. Bb5 Qc7 26. Ra2 f5 27. Ba3 Rf7 28. Rea1 Bf6 29. Bb4 Kg7 30. Ba5 Qc5 31. Rb1 Rc8 32. Qe3 Qd5 33. Rbb2 Nc4 34. Bxc4 Rxc4 35. Bb4 Re4 36. Ra5 Qd7 37. Qc5 Re1+ 38. Kh2 e4 39. Rba2 Qd3 40. Rxa7 Qf1 1-0